00337nam a2200145Ia 4500008004100000020001500041041001200056082001100068100001500079245004100094260002500135300000800160650001100168700001200179221030s9999 xx 000 0 und d a0070494827 aEnglish a105.23 aJ. Millman 0aPulse, Digital & Switching Waveforms bTMHaNew Delhic2006 a958 aBB ECE aH. Taub